• 首页
  • 本馆介绍
  • 公告通知
  • 最新文献
  • 馆藏检索
  • 电子资源
  • 读者导购
  • 参考咨询
  • 我的图书馆
  • 登录
  • 详细信息显示
  • 放入我的书架
  • 预约/预借图书
  • 作者相关作品
  • 分类相关作品
  • 丛书相关作品
  • 出版社相关作品

书目信息

  • 表格格式
  • 工作单格式
  • 卡片格式
题名:
唐宋传奇选
    
 
作者: 张友鹤 选注
分册:  
出版信息: 北京   人民文学出版社  1964
页数: 248页
开本: 19cm
丛书名:
单 册:
中图分类: I242.1
科图分类:
主题词: 传奇小说--中国--唐代--选集 , 传奇小说--中国--宋代--选集
电子资源:
ISBN:
000 00621nam0 2200229 45
001 0179003444
005 20060909155016.37
010    @dCNY0.81
091    @a10019.1772
100    @a19950719e19791964em y0chiy0121 ea
101 0  @achi
102    @aCN@b110000
105    @ay z 000fy
200 10 @a唐宋传奇选@Atang song chuan qi xuan@f张友鹤选注
210    @a北京@c人民文学出版社@d1964@h1979重印
215    @a248页@d19cm
606    @a传奇小说@y中国@z唐代@x选集
606    @a传奇小说@y中国@z宋代@x选集
690    @aI242.1@v3
701  0 @a张友鹤@Azhang you he@4选注
801  0 @aCN@bNLC@c20060909
905    @dI242.1@e10
    
    唐宋传奇选/张友鹤选注.-北京:人民文学出版社,1964(1979重印)
    248页;19cm
    
    
    ISBN :CNY0.81
    
●
相关链接 在E读中查询图书 在五车中查询图书 在当当中查询图书 在豆瓣中查询图书


正题名:唐宋传奇选     索取号:I242.1/10         预约/预借

序号 登录号 条形码 馆藏地/架位号 状态 备注
1 0077638   000183054   第二借阅区/ [索取号:I242.1/10] 在馆    
2 0077639   000183027   密集书库/ [索取号:I242.1/10] 在馆    
3 0077640   000183018   第二借阅区/ [索取号:I242.1/10] 在馆    
4 0077641   000183045   密集书库/ [索取号:I242.1/10] 在馆    
5 0077642   000183036   第一样本阅览室/ [索取号:I242.1/10] 在馆    
6 0470020   204700207   密集书库/ [索取号:I242.1/10] 在馆    
7 0473843   204738436   密集书库/ [索取号:I242.1/10] 在馆    
唐山师范学院图书馆 欢迎您!
大连网信软件有限公司© 版权所有